| 000 | 00341nam a2200133Ia 4500 | ||
|---|---|---|---|
| 005 | 20260328101507.0 | ||
| 008 | 260328s9999||||xx |||||||||||||| ||und|| | ||
| 100 | _aRagon, Michel | ||
| 245 | 0 |
_aLe Livre de l'Architecture Moderne / _cMichel Ragon |
|
| 260 | _bRobert Laffont | ||
| 300 | _a356 p. | ||
| 650 | _aEDAD Contemporánea | ||
| 942 | _cBK | ||
| 999 |
_c9069 _d9069 |
||